डॉ.भीमराव अम्बेदकरःव्यक्तित्व के कुछ पहलू (Record no. 8149)

MARC details
000 -LEADER
fixed length control field 01243 a2200229 4500
005 - DATE AND TIME OF LATEST TRANSACTION
control field 20080922122317.0
008 - FIXED-LENGTH DATA ELEMENTS--GENERAL INFORMATION
fixed length control field 080922t xxu||||| |||| 00| 0 hin d
010 ## - LCCN (DPL NO)
LC control number HIN-81303
020 ## - INTERNATIONAL STANDARD BOOK NUMBER
International Standard Book Number 8180310922
Terms of availability 120.00
035 ## - SYSTEM CONTROL NUMBER
System control number HN-53649
037 ## - SOURCE OF ACQUISITION
Source of stock number/acquisition D.B.Act / pub
082 ## - DEWEY DECIMAL CLASSIFICATION NUMBER
Classification number 921
100 ## - MAIN ENTRY--PERSONAL NAME
Personal name मोहन सिंह
245 ## - TITLE STATEMENT
Title डॉ.भीमराव अम्बेदकरःव्यक्तित्व के कुछ पहलू
Statement of responsibility, etc मोहन सिंह
250 ## - EDITION STATEMENT
Edition statement 3रा संस्क
260 ## - PUBLICATION, DISTRIBUTION, ETC. (IMPRINT)
Place of publication, distribution, etc इलाहाबाद
Name of publisher, distributor, etc लोकभारती प्रकाशन
Date of publication, distribution, etc 2006
270 ## - ADDRESS
Address पहली मंजिल, दरबारी बिल्डिंग, महात्मा गांधी मार्ग
City इलाहाबाद
Postal code 1
300 ## - PHYSICAL DESCRIPTION
Extent 140पृ
Dimensions 22 सेमी (सजिल्द)
942 ## - ADDED ENTRY ELEMENTS (KOHA)
Institution code [OBSOLETE] dpl
Item type Hindi Books
Call number prefix 921 / मोहन
Source of classification or shelving scheme Dewey Decimal Classification
Classification part 921
Call number suffix मोहन
Holdings
Withdrawn status Lost status Source of classification or shelving scheme Damaged status Not for loan Home library Current library Date acquired Cost, normal purchase price Total Checkouts Full call number Barcode Date last seen Copy number Cost, replacement price Koha item type Collection code Source of acquisition Total Renewals
    Dewey Decimal Classification     D.B.Act.Division D.B.Act.Division 22/09/2008 120.00   921 मोहन HN-53649 15/09/2008 1 120.00 Hindi Books      
    Dewey Decimal Classification     Patel Nagar Patel Nagar 12/09/2018 125.00 5 921 मोहन b-277174 26/05/2022   125.00 Hindi Books Non-fiction BPPD/Pub 2
    Dewey Decimal Classification     Vinoba Puri Vinoba Puri 01/10/2008 125.00   921 मोहन B-281331 01/10/2008 1 125.00 Hindi Books Non-fiction BPPD /  

© Delhi Public Library
Hit Counter
free hit counter